[Event "Pontevedra op 11th"]
[Site "Pontevedra"]
[Date "2023.07.29"]
[Round "8"]
[White "Santos, Jose Guilherme B Li"]
[Black "Vidyarthi, Omya"]
[Result "1-0"]
[WhiteElo "2386"]
[BlackElo "1958"]
[PlyCount "113"]
[EventDate "2023.07.24"]
[EventType "swiss"]
[EventRounds "9"]
[EventCountry "ESP"]
[SourceTitle "CBM 215 Extra"]
[Source "ChessBase"]
[SourceDate "2023.09.30"]
[SourceVersion "1"]
[SourceVersionDate "2023.09.30"]
[SourceQuality "1"]

1. e4 e5 2. Nf3 Nc6 3. Bb5 a6 4. Ba4 Nf6 5. 0-0 Be7 6. d3 d6 7. c3 0-0 8. Re1 b5 9. Bc2 Nb8 10. d4 Nbd7 11. a4 Bb7 12. Nbd2 Re8 13. Bd3 c6 14. Nf1 Bf8 15. Ng3 g6 16. b3 Bg7 17. Bb2 Qb6 18. h4 Nf8 19. c4 Ne6 20. a5 Qa7 21. cxb5 cxb5 22. d5 Ng4 23. Rf1 Nf4 24. Ne1 Bc8 25. Bc2 Bf6 26. Nf3 Qe7 27. h5 gxh5 28. Nh2 Bh4 29. Nf5 Bxf5 30. exf5 Rac8 31. Nxg4 hxg4 32. Qxg4+ Bg5 33. Be4 h5 34. Qf3 Bf6 35. Kh2 Nxd5 36. Bxd5 Rc2 37. Bc1 e4 38. Qg3+ Kh7 39. Bf4 h4 40. Qg4 Bxa1 41. Rxa1 Qf6 42. Qh5+ Kg8 43. Qg6+ Qxg6 44. fxg6 Rd8 45. Bg5 Rd7 46. gxf7+ Rxf7 47. Bxh4 Kg7 48. Bxf7 Kxf7 49. Kg3 d5 50. Kf4 Ke6 51. Bg3 Rc3 52. Rh1 Kd6 53. b4 Rc4 54. Rh6+ Kd7 55. Ke5 d4 56. Rd6+ Ke7 57. Rxd4 1-0

[Event "Sunnyvale Summer op"]
[Site "Sunnyvale"]
[Date "2023.07.04"]
[Round "7"]
[White "Heimann, Mark A"]
[Black "Vidyarthi, Omya"]
[Result "1-0"]
[WhiteElo "2440"]
[BlackElo "1958"]
[PlyCount "79"]
[EventDate "2023.07.01"]
[EventType "swiss"]
[EventRounds "7"]
[EventCountry "USA"]
[SourceTitle "EXT 2024"]
[Source "ChessBase"]
[SourceDate "2023.10.10"]
[SourceVersion "1"]
[SourceVersionDate "2023.10.10"]
[SourceQuality "1"]

1. d4 d5 2. c4 c6 3. Nf3 Nf6 4. e3 Bf5 5. Nc3 e6 6. Nh4 Be4 7. f3 Bg6 8. Qb3 Qb6 9. Nxg6 hxg6 10. Bd2 Bd6 11. c5 Qxb3 12. axb3 Rxh2 13. Rxh2 Bxh2 14. b4 Bg3+ 15. Kd1 e5 16. Ra4 exd4 17. exd4 Nfd7 18. b5 Nf8 19. Be3 Ne6 20. b4 cxb5 21. Bxb5+ Nc6 22. Ne2 Bh4 23. Bd3 a5 24. b5 Nb4 25. Bb1 Bd8 26. Bd2 Rc8 27. b6 Kd7 28. Rxa5 Nc6 29. Ra4 Bf6 30. Be3 Rh8 31. Ba2 Rh1+ 32. Kd2 Ne7 33. Ra7 Nd8 34. Nc3 Rh2 35. Nxd5 Rxg2+ 36. Kd3 Nec6 37. Bc4 Rg3 38. Ke4 Be7 39. Nxe7 Nxe7 40. d5 1-0

[Event "Sunnyvale Summer op"]
[Site "Sunnyvale"]
[Date "2023.07.03"]
[Round "5"]
[White "Handigol, Abhishek"]
[Black "Vidyarthi, Omya"]
[Result "0-1"]
[WhiteElo "1872"]
[BlackElo "1958"]
[PlyCount "66"]
[EventDate "2023.07.01"]
[EventType "swiss"]
[EventRounds "7"]
[EventCountry "USA"]
[SourceTitle "EXT 2024"]
[Source "ChessBase"]
[SourceDate "2023.10.10"]
[SourceVersion "1"]
[SourceVersionDate "2023.10.10"]
[SourceQuality "1"]

1. d4 d5 2. Bf4 Nf6 3. e3 c5 4. Nf3 Nc6 5. Nbd2 cxd4 6. exd4 Qb6 7. Nb3 Bf5 8. c3 e6 9. Be2 h6 10. h3 Be7 11. Ne5 Nxe5 12. dxe5 Nd7 13. 0-0 Rd8 14. Be3 Qc7 15. f4 a6 16. Nd4 Bc5 17. Nxf5 exf5 18. Bd4 Qb6 19. b4 Bxd4+ 20. Qxd4 Ke7 21. Qxb6 Nxb6 22. a4 Rc8 23. a5 Nc4 24. Rfb1 g5 25. Bxc4 Rxc4 26. b5 gxf4 27. bxa6 bxa6 28. Rb6 Rg8 29. Rxa6 f3 30. Ra2 Rxc3 31. Rxh6 Re3 32. a6 Re1+ 33. Kh2 Re2 0-1

[Event "CAN Transnational op"]
[Site "Montreal"]
[Date "2023.06.06"]
[Round "1"]
[White "Vidyarthi, Omya"]
[Black "Han, Johnathan"]
[Result "0-1"]
[WhiteElo "2081"]
[BlackElo "2140"]
[PlyCount "96"]
[EventDate "2023.06.06"]
[EventType "swiss"]
[EventRounds "9"]
[EventCountry "CAN"]
[SourceTitle "CBM 214 Extra"]
[Source "ChessBase"]
[SourceDate "2023.07.31"]
[SourceVersion "1"]
[SourceVersionDate "2023.07.31"]
[SourceQuality "1"]

1. Nf3 Nf6 2. c4 e6 3. g3 d5 4. Bg2 Be7 5. 0-0 0-0 6. d4 dxc4 7. Nbd2 b5 8. Qc2 Bb7 9. a4 a6 10. b3 cxb3 11. Qxb3 b4 12. a5 Nbd7 13. Bb2 Qb8 14. Qa4 Rd8 15. Rac1 Ne4 16. Nc4 c5 17. Nfe5 Nxe5 18. Nxe5 Nc3 19. Bxc3 Bxg2 20. Kxg2 bxc3 21. Nc6 Qb7 22. Kg1 Rd5 23. e4 Rh5 24. Rxc3 Bf8 25. Qd1 g6 26. g4 Rh4 27. d5 exd5 28. exd5 Bd6 29. h3 h5 30. Qf3 Kg7 31. g5 Rf4 32. Qe3 Qd7 33. Qd2 Qf5 34. Rg3 h4 35. Rg2 Qxh3 36. Qe2 Re8 37. Qb2+ Kh7 38. Qb7 Kg8 39. f3 Rxf3 40. Qb1 c4 41. Nd4 Rxf1+ 42. Kxf1 Bc5 43. Qd1 Re4 44. Qf3 Qh1+ 45. Rg1 Qxf3+ 46. Nxf3 Bxg1 47. d6 Bc5 48. d7 Be7 0-1

[Event "Wch FIDE Online U10 Girls"]
[Site "Tornelo INT"]
[Date "2020.12.22"]
[Round "4.1"]
[White "Kaliakhmet, Elnaz"]
[Black "Vidyarthi, Omya"]
[Result "0-1"]
[WhiteElo "1426"]
[BlackElo "1709"]
[PlyCount "112"]
[EventDate "2020.12.19"]
[EventType "k.o. (rapid)"]
[EventRounds "4"]
[EventCountry "ISS"]
[SourceTitle "EXT 2022"]
[Source "ChessBase"]
[SourceDate "2021.10.06"]
[SourceVersion "1"]
[SourceVersionDate "2021.10.06"]
[SourceQuality "1"]

1. d4 d5 2. c4 c6 3. cxd5 cxd5 4. Bf4 Nc6 5. Nc3 e6 6. e3 a6 7. Bd3 Bd6 8. Bxd6 Qxd6 9. f4 Nge7 10. Nf3 f6 11. 0-0 0-0 12. Rc1 e5 13. fxe5 fxe5 14. dxe5 Nxe5 15. Nxe5 Rxf1+ 16. Qxf1 Qxe5 17. Qf2 Be6 18. Rf1 g6 19. Kh1 Qg7 20. e4 Rf8 21. Qe2 Rxf1+ 22. Qxf1 Qf7 23. Qg1 dxe4 24. Nxe4 Qf4 25. Qc5 Bf5 26. Qc4+ Kf8 27. h3 b5 28. Qd4 Qc1+ 29. Kh2 Qc7+ 30. g3 Ng8 31. Qb4+ Qe7 32. Qd4 Qc7 33. Ng5 Qe7 34. Bxf5 gxf5 35. Qd2 Nf6 36. Nf3 Ke8 37. Nd4 Qe5 38. Nf3 Qe7 39. b3 Qe6 40. Nd4 Qe5 41. Nc6 Qc7 42. Nb4 a5 43. Nd3 Ne4 44. Qg2 h5 45. Nf4 h4 46. Nd5 hxg3+ 47. Kh1 Qc1+ 48. Qg1 Qc6 49. Qd4 Qc1+ 50. Kg2 Qc2+ 51. Kf1 Qb1+ 52. Kg2 Qxa2+ 53. Kf1 Qb1+ 54. Kg2 Qc2+ 55. Kf1 Nd2+ 56. Ke2 Nxb3+ 0-1

[Event "Wch FIDE Online U10 Girls"]
[Site "Tornelo INT"]
[Date "2020.12.20"]
[Round "2.2"]
[White "Shreya, G Hipparagi"]
[Black "Vidyarthi, Omya"]
[Result "1-0"]
[WhiteElo "1273"]
[BlackElo "1709"]
[PlyCount "67"]
[EventDate "2020.12.19"]
[EventType "k.o. (rapid)"]
[EventRounds "4"]
[EventCountry "ISS"]
[SourceTitle "EXT 2022"]
[Source "ChessBase"]
[SourceDate "2021.10.06"]
[SourceVersion "1"]
[SourceVersionDate "2021.10.06"]
[SourceQuality "1"]

1. e4 e5 2. Nf3 Nc6 3. Bb5 a6 4. Bxc6 dxc6 5. 0-0 f6 6. h3 Bc5 7. Qe2 Be6 8. c3 Ne7 9. Rd1 0-0 10. d4 exd4 11. cxd4 Ba7 12. Nc3 Qd7 13. Bf4 Rad8 14. Rd2 Rfe8 15. Rad1 Qc8 16. Qf1 Bf7 17. Bg3 Bh5 18. Qc4+ Bf7 19. Qb4 Bh5 20. Rd3 f5 21. Be5 fxe4 22. Nxe4 Nd5 23. Qe1 Rf8 24. Qd2 Bg6 25. Qg5 Rf7 26. Re1 Re8 27. Nh4 Bxe4 28. Rxe4 Qd7 29. Rg3 c5 30. Bxg7 Rxg7 31. Rxe8+ Kf7 32. Qxg7+ Kxe8 33. Qg8+ Ke7 34. Rg7+ 1-0

[Event "Titled Tuesday intern op 18th Aug"]
[Site "Chess.com INT"]
[Date "2020.08.18"]
[Round "6"]
[White "Vidyarthi, Omya"]
[Black "Kuderinov, Kirill"]
[Result "1-0"]
[WhiteElo "1709"]
[BlackElo "2409"]
[PlyCount "59"]
[EventDate "2020.08.18"]
[EventType "swiss (blitz)"]
[EventRounds "10"]
[EventCountry "USA"]
[SourceTitle "CBM 197 Extra"]
[Source "ChessBase"]
[SourceDate "2020.09.30"]
[SourceVersion "1"]
[SourceVersionDate "2020.09.30"]
[SourceQuality "1"]

1. d4 d5 2. c4 dxc4 3. e4 e6 4. Bxc4 c5 5. Nf3 Nc6 6. d5 Na5 7. Bb5+ Bd7 8. Bxd7+ Qxd7 9. 0-0 0-0-0 10. Nc3 Nf6 11. Ne5 Qc7 12. Bf4 Qe7 13. Qa4 b6 14. Nc6 Qd7 15. Nb5 exd5 16. Nxa5 Nxe4 17. Nc6 a5 18. Nxd8 Qxd8 19. Rfd1 Be7 20. Na7+ Kb7 21. Nc6 Qe8 22. Rxd5 Bf6 23. Nxa5+ bxa5 24. Qxa5 Qc6 25. Rd3 Ra8 26. Rb3+ Kc8 27. Qe1 c4 28. Rb4 Be7 29. Rxc4 Bc5 30. Qxe4 1-0

[Event "Titled Tuesday intern op 11th Aug"]
[Site "Chess.com INT"]
[Date "2020.08.11"]
[Round "3"]
[White "Buksa, Nataliya"]
[Black "Vidyarthi, Omya"]
[Result "1-0"]
[WhiteElo "2410"]
[BlackElo "1709"]
[PlyCount "45"]
[EventDate "2020.08.11"]
[EventType "swiss (blitz)"]
[EventRounds "10"]
[EventCountry "USA"]
[SourceTitle "CBM 197 Extra"]
[Source "ChessBase"]
[SourceDate "2020.09.30"]
[SourceVersion "1"]
[SourceVersionDate "2020.09.30"]
[SourceQuality "1"]

1. d4 d5 2. Nc3 Nf6 3. Bf4 e6 4. e3 Bd6 5. Nf3 0-0 6. Bd3 h6 7. 0-0 c5 8. dxc5 Bxc5 9. e4 dxe4 10. Nxe4 Nxe4 11. Bxe4 Qxd1 12. Raxd1 Nc6 13. Bxc6 bxc6 14. Bd6 Bxd6 15. Rxd6 Ba6 16. Rfd1 Bb5 17. Ne5 f6 18. Nxc6 Bxc6 19. Rxc6 Rab8 20. b3 Rfe8 21. h4 e5 22. Rd7 Rbc8 23. Ra6 1-0

[Event "Titled Tuesday intern op 4th Aug 2pm"]
[Site "Chess.com INT"]
[Date "2020.08.04"]
[Round "10"]
[White "Khalafova, Narmin Ilgar Qizi"]
[Black "Vidyarthi, Omya"]
[Result "1/2-1/2"]
[WhiteElo "2279"]
[BlackElo "1709"]
[PlyCount "113"]
[EventDate "2020.08.04"]
[EventType "swiss (blitz)"]
[EventRounds "10"]
[EventCountry "USA"]
[SourceTitle "CBM 197 Extra"]
[Source "ChessBase"]
[SourceDate "2020.09.30"]
[SourceVersion "1"]
[SourceVersionDate "2020.09.30"]
[SourceQuality "1"]

1. e4 c6 2. d4 d5 3. Nc3 dxe4 4. Nxe4 Nf6 5. Ng3 g6 6. Nf3 Bg7 7. Bg5 0-0 8. Qd2 Nbd7 9. 0-0-0 Qc7 10. h4 e5 11. h5 exd4 12. Nxd4 Nb6 13. Bh6 Bg4 14. hxg6 fxg6 15. Bxg7 Qxg7 16. f3 Bd7 17. Qg5 Rfe8 18. Bd3 Nfd5 19. c3 Ne3 20. Rdg1 Nbc4 21. Ne4 Re5 22. Nf6+ Kf7 23. Qh4 Qxf6 24. Qxh7+ Qg7 25. Bxg6+ Kf6 26. Qxg7+ Kxg7 27. Rh7+ Kxg6 28. Rxd7 Rb8 29. b3 Nb6 30. Rd6+ Kg5 31. Kd2 Nf5 32. Nxf5 Rxf5 33. c4 Kf4 34. Rd4+ Kg3 35. Rg4+ Kf2 36. Rh1 Rd8+ 37. Kc3 Re5 38. Rh7 Re3+ 39. Kb4 Nd7 40. Rgg7 Ne5 41. Rxb7 Kxg2 42. Rhg7+ Kxf3 43. Rxa7 Nd3+ 44. Ka5 Nc1 45. Raf7+ Ke2 46. b4 Nxa2 47. b5 cxb5 48. cxb5 Ra3+ 49. Kb6 Rb8+ 50. Rb7 Rxb7+ 51. Rxb7 Nc3 52. Re7+ Kd3 53. Kc5 Rb3 54. Rd7+ Kc2 55. Rb7 Nxb5 56. Rxb5 Rxb5+ 57. Kxb5 1/2-1/2

[Event "Titled Tuesday intern op 4th Aug 2pm"]
[Site "Chess.com INT"]
[Date "2020.08.04"]
[Round "1"]
[White "Manolache, Marius"]
[Black "Vidyarthi, Omya"]
[Result "1-0"]
[WhiteElo "2541"]
[BlackElo "1709"]
[PlyCount "31"]
[EventDate "2020.08.04"]
[EventType "swiss (blitz)"]
[EventRounds "10"]
[EventCountry "USA"]
[SourceTitle "CBM 197 Extra"]
[Source "ChessBase"]
[SourceDate "2020.09.30"]
[SourceVersion "1"]
[SourceVersionDate "2020.09.30"]
[SourceQuality "1"]

1. d4 d5 2. c4 c6 3. Nc3 Nf6 4. Nf3 dxc4 5. g3 b5 6. Bg2 Qb6 7. Ne5 e6 8. a4 Bb7 9. 0-0 Be7 10. b3 cxb3 11. Qxb3 Qc7 12. Bf4 Qc8 13. axb5 0-0 14. Rfc1 cxb5 15. Nxb5 Nc6 16. Bxc6 1-0

[Event "Titled Tuesday intern op 4th Aug 10am"]
[Site "Chess.com INT"]
[Date "2020.08.04"]
[Round "9"]
[White "Shukhman, Anna"]
[Black "Vidyarthi, Omya"]
[Result "1-0"]
[WhiteElo "1866"]
[BlackElo "1709"]
[PlyCount "147"]
[EventDate "2020.08.04"]
[EventType "swiss (blitz)"]
[EventRounds "10"]
[EventCountry "USA"]
[SourceTitle "CBM 197 Extra"]
[Source "ChessBase"]
[SourceDate "2020.09.30"]
[SourceVersion "1"]
[SourceVersionDate "2020.09.30"]
[SourceQuality "1"]

1. e4 c6 2. Nc3 d5 3. Nf3 dxe4 4. Nxe4 Nf6 5. Nxf6+ exf6 6. Bc4 Bd6 7. d4 0-0 8. 0-0 Nd7 9. c3 Re8 10. Be3 Nf8 11. Qb3 Qc7 12. Rfe1 Bg4 13. h3 Bxf3 14. gxf3 Ng6 15. d5 Nh4 16. Be2 cxd5 17. Qxd5 Rad8 18. Qh5 Ng6 19. Rad1 Re5 20. Qg4 h5 21. Qa4 Ree8 22. Qxa7 Ra8 23. Qb6 Qxb6 24. Bxb6 Bf8 25. a3 Nf4 26. Bf1 Rxe1 27. Rxe1 g5 28. Rd1 Bxa3 29. bxa3 Rxa3 30. Bd4 Kg7 31. Rb1 Nd5 32. Rxb7 Nxc3 33. Rb6 Nd5 34. Rd6 Ra5 35. Bc4 Nf4 36. Bxf6+ Kh7 37. Bxf7 Nxh3+ 38. Kf1 Rf5 39. Bxh5 Nf4 40. Bg4 Rc5 41. Rd1 Kg6 42. Bd4 Rc4 43. Be3 Kf6 44. Bxf4 gxf4 45. Rd2 Ke5 46. Re2+ Kf6 47. Re4 Rc1+ 48. Kg2 Kg5 49. Re5+ Kg6 50. Rf5 Rc4 51. Rf8 Kg5 52. Kf1 Ra4 53. Ke2 Ra2+ 54. Kd3 Rxf2 55. Rf5+ Kg6 56. Rxf4 Ra2 57. Rc4 Ra3+ 58. Ke2 Kg5 59. Rc5+ Kf4 60. Rf5+ Kg3 61. Rf8 Ra2+ 62. Ke3 Ra3+ 63. Ke4 Ra4+ 64. Ke5 Ra5+ 65. Kf6 Ra6+ 66. Kg5 Ra5+ 67. Rf5 Ra8 68. Bh5 Rg8+ 69. Bg6 Rd8 70. Rf7 Rd5+ 71. Kh6 Rd4 72. Rf5 Rh4+ 73. Kg5 Rg4+ 74. fxg4 1-0

[Event "Titled Tuesday intern op 4th Aug 2pm"]
[Site "Chess.com INT"]
[Date "2020.08.04"]
[Round "9"]
[White "Vidyarthi, Omya"]
[Black "Curriah, Malik"]
[Result "0-1"]
[WhiteElo "1709"]
[BlackElo "2043"]
[PlyCount "46"]
[EventDate "2020.08.04"]
[EventType "swiss (blitz)"]
[EventRounds "10"]
[EventCountry "USA"]
[SourceTitle "CBM 197 Extra"]
[Source "ChessBase"]
[SourceDate "2020.09.30"]
[SourceVersion "1"]
[SourceVersionDate "2020.09.30"]
[SourceQuality "1"]

1. Nc3 d5 2. d4 Nf6 3. Bf4 c5 4. e3 cxd4 5. exd4 a6 6. Nf3 Bg4 7. Be2 Bxf3 8. Bxf3 Nc6 9. 0-0 e6 10. Re1 Be7 11. a3 Qb6 12. Na4 Qxd4 13. Qxd4 Nxd4 14. Bd1 Nd7 15. c3 Nf5 16. Bc2 Nd6 17. b3 0-0 18. Nb2 Rac8 19. Bd2 Bf6 20. Nd1 Nb5 21. Rc1 Nxa3 22. Bd3 Nc5 23. Bf1 Nxb3 0-1

[Event "Titled Tuesday intern op 21st July"]
[Site "Chess.com INT"]
[Date "2020.07.21"]
[Round "3"]
[White "Abrahamyan, Tatev"]
[Black "Vidyarthi, Omya"]
[Result "1-0"]
[WhiteElo "2358"]
[BlackElo "1709"]
[PlyCount "97"]
[EventDate "2020.07.21"]
[EventType "swiss (blitz)"]
[EventRounds "10"]
[EventCountry "USA"]
[SourceTitle "CBM 197 Extra"]
[Source "ChessBase"]
[SourceDate "2020.09.30"]
[SourceVersion "1"]
[SourceVersionDate "2020.09.30"]
[SourceQuality "1"]

1. e4 e5 2. Nf3 Nc6 3. Bc4 Bc5 4. 0-0 Nf6 5. d3 d6 6. c3 a6 7. Bb3 h6 8. Nbd2 Ba7 9. Re1 0-0 10. Nf1 Be6 11. h3 Qd7 12. Ng3 Rad8 13. Bc2 Rfe8 14. Qe2 d5 15. Kh2 Qc8 16. Nh4 dxe4 17. dxe4 b5 18. Qf3 Ng4+ 19. Kg1 Bxf2+ 20. Kh1 Bxe1 21. Ngf5 Bxh4 22. Qxg4 Bxf5 23. exf5 Bg5 24. Bxg5 hxg5 25. Qxg5 f6 26. Bb3+ Kf8 27. Qh5 Qd7 28. Qh8+ Ke7 29. Qxg7+ Kd6 30. Rd1+ Nd4 31. Qxf6+ Kc5 32. cxd4+ exd4 33. a3 Re3 34. Rc1+ Rc3 35. bxc3 Qd6 36. cxd4+ Kb6 37. Qxd6+ Rxd6 38. Rf1 Rxd4 39. f6 Rd8 40. f7 Rf8 41. g4 c5 42. g5 c4 43. Bc2 a5 44. g6 b4 45. axb4 axb4 46. g7 b3 47. gxf8Q bxc2 48. Qd6+ Kb5 49. f8Q 1-0